000 00676nam a2200217 i 4500
001 bgj
245 0 0 _aA statistical focus on Wales ; Ffocws ystadegol Cymru /
_cedited by Richard Alldritt ; Stephen Hughes Clive Lewis ; Clive Lewis.
260 _aCrown,
_cc. 1996.
300 _a44 pp :
_bmaps, graphs, tables ;
_c30 cm.
504 _aBibliography p. 39-42.
651 9 _aWales
_xStatistic
700 1 _aALLDRITT, Richard.
_eco-editor
700 1 _aHUGHES, Stephen.
_eco-editor
700 1 _aLEWIS, Clive.
_eco-editor
020 _a0750416815
040 _cBPK
041 0 _aeng
920 _a0-7504-1681-5
942 _cKS
008 s uk f |000 0 eng
999 _c49249
_d49249
856 _uhttp://koha.tu.koszalin.pl/cgi-bin/koha/opac-detail.pl?biblionumber=49249
_yKatalog online BPK